| 000 | 00442 a2200169 4500 | ||
|---|---|---|---|
| 001 | 066203 | ||
| 003 | OSt | ||
| 005 | 20210915152752.0 | ||
| 008 | |||
| 082 |
_a512.02 _bC45F |
||
| 100 | 1 | _aChowdhary, K.R. | |
| 245 | 1 |
_aFundamentals of discrete mathematical structures _cby K.R. Chowdhary |
|
| 260 |
_aNew Delhi _bPHI _c2008 |
||
| 300 | _a273p. | ||
| 690 | _aComputer science--Mathematics | ||
| 942 |
_2ddc _cBK |
||
| 999 |
_c367 _d367 |
||